LEADER 01428nam a2200205 i 4500 001 000000012559 003 CaOOAMICUS 005 20250811125119.0 008 180830s17171740it u000 u ita u 040 $aSeMil$bita 100 1 $aMuratori, Ludovico Antonio,$d<1672-1750>.$0(OLS)http://semarc/name/3167 245 10$aDelle antichità estensi ed italiane trattato di Lodovico Antonio Muratori bibliotecario del serenissimo Rinaldo 1. ... Parte 1. [-2.]. 260 $aIn Modena :$bNella Stamperia ducale,$c1717-1740. 300 $a2 v. ;$cfol. 710 2 $aStamperia ducale$b.$0(OLS)http://semarc/name/89847 774 0 $tParte prima in cui si espone l'origine ed antichità della casa d'Este, e la sua diramazione nella linea reale ed elettorale del regnante monarca della gran Bretagna Giorgio 1. e de i duchi di Brunsuic, e Luneburgo, e nella linea de' marchesi ..$g1$w()107725 774 0 $tDelle antichità estensi continuazione, o sia parte seconda, composta, e dedicata all'altezza serenissima di Francesco 3. duca di Modena, Reggio, Mirandola &c. ... da Lodovico Antonio Muratori suo bibliotecario.$g2$w()256685 996 $6245$aDelle antichità estensi ed italiane trattato di Lodovico Antonio Muratori bibliotecario del serenissimo Rinaldo 1. ... Parte 1. [-2.]$9(OLS)http://semarc/title/401401 996 $6260$aIn Modena :$bNella Stamperia ducale$9(OLS)http://semarc/publisher/55971 LEADER 00983nam a2200217 i 4500 001 000000189588 003 CaOOAMICUS 005 20100512000000.0 008 100512s1917 it u000 u ita u 013 $a167862 040 $aSeMil$bita 100 1 $aBuonaiuti, Ernesto,$d<1881-1946>.$0(OLS)http://semarc/name/497 245 10$aAnno accademico 1916-917 /$cprof. Ernesto Buonaiuti ; lezioni raccolte e compilate dal dott. Alessandro Gaddi. 260 $aRoma :$bLibreria editrice Castellani,$c[1917] 300 $a560 p. ;$c25 cm. 700 1 $aGaddi, Alessandro.$0(OLS)http://semarc/name/21133 773 0 $aBuonaiuti, Ernesto <1881-1946>$tStoria del Cristianesimo.$dRoma : Libreria editrice Castellani$w()644 850 $aSeMil 852 $aSeMil$W1$xVenegono$y1$m2X V 131$j140219$B140219$CSeMilBibl$Z2$F151833 $81 996 $6245$aAnno accademico 1916-917$9(OLS)http://semarc/title/272968 996 $6260$aRoma :$bLibreria editrice Castellani$9(OLS)http://semarc/publisher/29940